| 000 | 004650000a22001930004500 | ||
|---|---|---|---|
| 999 |
_c49295 _d49295 |
||
| 001 | 2149 | ||
| 003 | CO-MdFUSB | ||
| 005 | 20180208183316.0 | ||
| 008 | 180208b xxu||||| |||| 00| 0 eng d | ||
| 020 | _a84-666-1340-4 | ||
| 040 | _cCO-MdBIC | ||
| 082 | 0 | 4 | _a863C G171np |
| 100 | 1 | _aGardner, Sally | |
| 245 | 1 | 0 | _aEl niño que podía volar / Sally Gardner |
| 260 | _aEspaña : Ediciones B | ||
| 300 | _a96 P. | ||
| 650 | 1 | 4 | _aLiteratura española |
| 942 | _cLGB | ||